Responses for Show #4262 - Tuesday, February 25, 2003

(Cheryl: Clues about some of the sweetest '60s sounds from the Motown Historical Museum, next on Jeopardy!.)

Contestants

[<< previous game]

Collette Ryder-Consugar, a grant specialist from Rochester, Minnesota

Andy Anagnos, a management consultant from Santa Monica, California

Alex Gershman, a research consultant from Falls Church, Virginia

[next game >>]

Jeopardy! Round responses

COUNTRIES OF THE WORLD
NURSERY RHYME PHOBIAS
MOTOWN
"P"EOPLE
PASTA GLOSSARY
HOOKED ON HOMOPHONICS
    $200 1
(Alex Gershman: What is Denmark?)
(Andy: What is England?)

Switzerland

AlexAndy
Triple Stumper
    $200 6
cold

Andy
    $200 26
Berry Gordy

Andy
    $200 14
Mike Piazza

Alex
    $200 7
hair

Andy
    $200 17
dear/deer

Andy
    $400 2
Portugal

Alex
    $400 12
(Collette: What is everywhere she went?)
(Andy: What is home?)

school

AndyCollette
Triple Stumper
    $400 27
Stevie Wonder

Alex
    $400 22
Frederick Pabst

Alex
    $400 8
butterfly

Alex
    $400 18
bare/bear

Collette
    $600 3
(Alex Gershman: What is China?)

India

Alex
Triple Stumper
    $600 13
(Collette: What is pie?)
(Alex Gershman: What are girls?)

kissing

AlexAndyCollette
    $600 28
"My Girl"

Collette
    $600 23
Jackson Pollock

Alex
    $600 9
worm

Andy
    $600 19
mustered/mustard

Andy
    $800 4
(Andy: What is Italy?)

Ethiopia

AlexAndy
    $800 15
flowers

Collette
    $800 29
[The end-of-round signal sounds.]

"Where Did Our Love Go"

Triple Stumper
    $800 24
(Alex Trebek: Less than a minute to go now.)

Molly Pitcher

Triple Stumper
    $1,000 10
tongue

Andy
    $800 20
right/rite

Alex
    $1000 5
(Collette: What is Senegal?)

Sri Lanka

Collette
Triple Stumper
    $1000 16
the king

Collette
    $1000 25
Itzhak Perlman

Alex
    $1000 11
shells

Alex
    $1000 21
idle/idol

Andy

Scores at the first commercial break (after clue 13):

Alex Andy Collette
$1,200 $1,200 -$2,000

Scores at the end of the Jeopardy! Round:

Alex Andy Collette
$4,600 $3,200 $800

Double Jeopardy! Round responses

BALLET
SPORTS LEFTIES
1831
TRENDY!
17th CENTURY DRAMA
"EX" RATED
    $400 1
the Beatles

Alex
    $400 2
Marvin Hagler

Alex
    $400 24
Charles Darwin

Alex
    $400 14
black

Alex
    $400 12
Cervantes

Alex
    $400 7
exile

Alex
    $800 22
Ludwig van Beethoven

Collette
    $800 3
Monica Seles

Alex
    $800 25
(Alex Trebek: Minute to go now.)

French Foreign Legion

Alex
    $800 15
refrigerator & freezer

Collette
    $800 13
(Alex Gershman: What is Paris?)

Rome

Alex
Triple Stumper
    $800 8
excavate

Alex
    $1200 23
Carmen

Alex
    $1200 4
Ken Stabler

Andy
    $1200 26
Brazil

Andy
    $1200 16
beemer

Andy
    $1200 19
Charles I

Collette
    $1200 9
Explorer

Collette
    $1600 29
(Collette: Who is Rossini?)
...
[The end-of-round signal sounds.]

Giuseppe Verdi

Collette
Triple Stumper
    $1600 5
Phil Mickelson

Alex
    $4,000 27
Battle Creek (the home of Kellogg's)

Andy
    $1600 17
day trading

Alex
    $1600 20
masques

Collette
    $1600 10
exaggeration

Andy
    $2000 6
(Alex Gershman: Who was Lefty Grove?)

Warren Spahn

Alex
Triple Stumper
    $2000 28
Anti-Masonic Party

Triple Stumper
    $2000 18
sea bass

Alex
    $3,000 21
Moliere

Collette
    $2000 11
existentialism

Alex

Scores at the end of the Double Jeopardy! Round:

Alex Andy Collette
$15,000 $12,400 $7,800

[wagering suggestions for these scores]

Final Jeopardy! Round responses

AMERICAN NOVELS
ColletteWhat is The Red Badge of Courage?
$4,601
AndyWhat is Last of the Mohicans?
$12,390
AlexWhat is Last of the Mohicans?
$10,000
The Last of the Mohicans

Final scores:

Alex Andy Collette
$25,000 $24,790 $3,199
New champion: $25,000 2nd place: $2,000 3rd place: $1,000

Game dynamics:

Coryat scores:

Alex Andy Collette
$15,000 $9,800 $6,800
24 R,
5 W
14 R
(including 2 DDs),
3 W
10 R
(including 1 DD),
4 W

Combined Coryat: $31,600

[game clues] [game scores] [suggest correction]

Game tape date: 2002-11-07
The J! Archive is created by fans, for fans. Scraping, republication, monetization, and malicious use prohibited; this site may use cookies and collect identifying information. See terms. The Jeopardy! game show and all elements thereof, including but not limited to copyright and trademark thereto, are the property of Jeopardy Productions, Inc. and are protected under law. This website is not affiliated with, sponsored by, or operated by Jeopardy Productions, Inc. Join the discussion at JBoard.tv.